الموجز اللإرشادي عن الطب الشرعي / (Record no. 15747)
[ view plain ]
| 000 -الفاتح | |
|---|---|
| حقل البيانات ثابتة الطول | 01140nam a22002417a 4500 |
| 008 - عناصر البيانات ثابتة الطول - معلومات عامة | |
| حقل البيانات ثابتة الطول | 110727s ua||||| |||| 00| 0 ara d |
| 020 ## - الرقم الدولى المعيارى للكتب | |
| الرقم الدولى المعيارى للكتاب | 0632011998 |
| 082 ## - رقم تصنيف ديوى العشرى | |
| رقم الطبعة | 22 |
| رقم التصنيف | 614.1 |
| رقم المادة | ج ي ج |
| 100 1# - المدخل الرئيسى - إسم شخصى | |
| 9 (RLIN) | 26449 |
| الإسم الشخصى | جي ، د. ج. |
| 245 ## - بيان العنوان | |
| العنوان | الموجز اللإرشادي عن الطب الشرعي / |
| بيان المسئوليه,etc | د. ج. جي ؛ ترجمة عاطف بدوي |
| 260 ## - PUBLICATION, DISTRIBUTION, ETC. (IMPRINT) | |
| مكان الناشر او الموزع | الكويت : |
| اسم الناشر او الموزع | المركز العربي للوثائق والمطبوعات الصحية ، |
| تاريخ النشر أو التوزيع | [د . ت]. |
| 300 ## - الوصف المادى | |
| التعداد | 306 ص : |
| تفاصيل ماديه اخرى للوعاء | ايض ؛ |
| أبعاد الوعاء | 24 سم. |
| 490 #0 - بيان السلسلة | |
| -- | 26450 |
| عنوان السلسلة | سلسلة الموجزات الإرشادية |
| 504 ## - تبصرة ببليوجرافية | |
| تبصرة ببليوجرافية,الخ | يشتمل على إرجاعات ببليوجرافية (ك ، 305-306( |
| 650 ## - المدخل الاضافى بالموضوع-مصطلح موضوعى | |
| 9 (RLIN) | 21520 |
| مصطلح موضوعي أو اسم جغرافي كعنصر مدخل | الطب الشرعي |
| 650 ## - المدخل الاضافى بالموضوع-مصطلح موضوعى | |
| 9 (RLIN) | 26453 |
| مصطلح موضوعي أو اسم جغرافي كعنصر مدخل | الجرائم الجنسية |
| 650 ## - المدخل الاضافى بالموضوع-مصطلح موضوعى | |
| 9 (RLIN) | 26454 |
| مصطلح موضوعي أو اسم جغرافي كعنصر مدخل | السموم |
| 650 ## - المدخل الاضافى بالموضوع-مصطلح موضوعى | |
| 9 (RLIN) | 26455 |
| مصطلح موضوعي أو اسم جغرافي كعنصر مدخل | تحقيق الشخصية |
| 653 ## - مصطلح تكشيفى غير مقيد | |
| Resource For college | |
| Arrived date list | July2011 |
| 700 ## - المدخل الاضافى - اسم شخصى | |
| 9 (RLIN) | 26457 |
| الإسم الشخصى | بدوي ، عاطف |
| الدور | ترجمة |
| 942 ## - عناصر المدخل الإضافي( كوها) | |
| مصدر التصنيف او مخطط الترفيف | Dewey Decimal Classification |
| Koha [default] item type | Book - Borrowing |
| حالة التراجع | حالة الفقد | مصدر التصنيف او خطة الترفيف | حالة تلف | ليس للاعارة | مجموعات كوها | المكان الدائم | المكان الحالي | موقع الترفيف | تاريخ الاكتساب | Source of acquisition | رقم الاستدعاء | الباركود | Date last seen | مُعار | نوع الوعاء |
|---|---|---|---|---|---|---|---|---|---|---|---|---|---|---|---|
| Dewey Decimal Classification | Alef-Baa | Central Library | Central Library | First floor | 27/07/2011 | 614.1 ج ي ج | 000023951 | 14/03/2026 | 25/02/2026 | Book - Borrowing |